000 00333pam a2200157a 44500
008 230405s2006 xxu||||| |||| 00| 0 eng d
041 _aENG
100 _aScott Mitchell
245 _aASP.NET 2.0 in 24 Hours
250 _a1
260 _a
_bPerson
_c2006
300 _a672pg
440 _a275
690 _aMCA
906 _a6477
999 _c259336
_d259336